|
|
|
|
| LEADER |
00000nab a2200000 a 4500 |
| 001 |
vtls000805333 |
| 003 |
SK-MaSNL |
| 005 |
20260305001527.0 |
| 008 |
140821c1999 xo 0 slo |
| 015 |
|
|
|a SNBRB2002/10-30243
|
| 035 |
|
|
|a CLN000156988
|
| 040 |
|
|
|a SNKBUCL
|b slo
|c SNKBUCL
|e AACR2
|
| 041 |
0 |
|
|a slo
|
| 044 |
|
|
|a xo
|c SK
|
| 080 |
|
|
|a 61-051:616.12-089:929
|2 1997
|
| 080 |
|
|
|a 929 Šimkovic, Ivan
|2 1997
|
| 100 |
1 |
|
|a Riečanský, Igor,
|d 1938-2022
|4 aut
|9 86130
|
| 245 |
1 |
0 |
|a Zdravica venovaná prof. MUDr. Ivanovi Šimkovicovi, DrSc. pri príležitosti životného jubilea
|c I. Riečanský
|
| 300 |
|
|
|b Obr.
|
| 600 |
1 |
7 |
|a Šimkovic, Ivan,
|d 1919-2007
|2 snkbucl
|9 110818
|
| 650 |
0 |
7 |
|a biografia
|2 snkbucl
|9 71085
|
| 650 |
0 |
7 |
|a chirurgia hrudníka
|2 snkbucl
|9 84373
|
| 650 |
0 |
7 |
|a výkony chirurgické kardiovaskulárne
|2 snkbucl
|9 1297485
|
| 650 |
0 |
7 |
|a výchova a vzdelávanie
|2 snkbucl
|9 1684
|
| 650 |
0 |
7 |
|a publikácie
|2 snkbucl
|9 19587
|
| 650 |
0 |
7 |
|a spoločnosti lekárske
|2 snkbucl
|9 859117
|
| 655 |
|
7 |
|a články z novín a časopisov
|2 snkbucl
|9 267496
|
| 773 |
0 |
|
|t Medicínsky monitor
|g Roč. 5, č. 4 (1999), s. 44-45
|x 1335-0951
|
| 850 |
|
|
|a Slovenská národná knižnica v Martine
|
| 852 |
|
|
|a SNK
|b KIS3GCP
|
| 958 |
|
|
|a MI
|
| 958 |
|
|
|a BX
|
| 958 |
|
|
|a SK
|
| 992 |
|
|
|a RBX
|
| 999 |
|
|
|c 3219939
|d 3221869
|